000 00627nam a22002177a 4500
999 _c11316
_d11316
003 AR-CdUCM
008 190403b ||||| |||| 00| 0 spa d
040 _aMUNICIPALIDAD PROVINCIAL DEL CUSCO
_cBIBLIOTECA MUNICIPAL DEL CUSCO
082 _aC / 869.56 /
_bR63V
100 _aRíos, Jorge
_923165
245 _aViajero... /
260 _aCusco :
_c1968.
300 _a30 páginas ;
_c21 cm.
505 _aContenido: Poesías.
650 _aLiteratura Cusqueña
_97280
650 _aSiglo XX
_98
650 _aPoesía
_9139
710 _aCentro Federado de Letras (auspicio)
_928627
942 _2ddc
_cLIBROS
945 _aachl